Arrow Puzzle #2 - Sudden Death - Statistics

General Stats
  • This quiz has been taken 16,650 times
  • The average score is 48 of 62
Answers on the Grid
Answers color-coded by a green-red scale on the quiz's grid according to % correct below.
 
Answer Stats
Answer % Correct
95%
92%
85%
85%
83%
83%
82%
82%
82%
82%
81%
81%
81%
81%
81%
81%
80%
80%
80%
80%
79%
79%
78%
78%
78%
78%
77%
77%
77%
77%
77%
77%
77%
77%
77%
76%
76%
76%
76%
76%
76%
76%
76%
76%
75%
75%
75%
75%
75%
75%
75%
75%
74%
73%
72%
72%
72%
72%
71%
71%
70%
70%
No matching quizzes found
Score Distribution
Percent of People with Each Score
Percentile by Number Answered
Your Score History
You have not taken this quiz